Charakter medzištátneho vyjednávania na pôde Rady Európskej únie

Základný analytický model vyjednávania. Distributívne a integratívne vyjednávanie a dilema vyjednávača. Medzištátne vyjednávanie na pôde Európskej únie. Rozhodovací mechanizmus. Charakter otázky a typ prejednávanej politiky. Miera politizácie spornej otázky. Rozloženie záujmov medzi aktérmi. Miera p...

Ausführliche Beschreibung

Gespeichert in:
Bibliographische Detailangaben
1. Verfasser: Belko, Marián
Format: Buchkapitel
Sprache:Slowakisch
Schlagworte:
Tags: Tag hinzufügen
Keine Tags, Fügen Sie das erste Tag hinzu!

MARC

LEADER 00000naa$a2200000$$$4500
001 0092329
005 20231016100711.8
041 0 |a slo 
044 |a CZ 
245 1 0 |a Charakter medzištátneho vyjednávania na pôde Rady Európskej únie  |c Marián Belko 
520 |a Základný analytický model vyjednávania. Distributívne a integratívne vyjednávanie a dilema vyjednávača. Medzištátne vyjednávanie na pôde Európskej únie. Rozhodovací mechanizmus. Charakter otázky a typ prejednávanej politiky. Miera politizácie spornej otázky. Rozloženie záujmov medzi aktérmi. Miera participácie domácej politickej sféry. Fáza v rozhodovacom procese. 
610 2 0 |a politika medzinárodná 
610 2 0 |a vzťahy medzinárodné 
610 2 0 |a Európska únia 
610 2 0 |a rozhodovanie 
610 2 0 |a dohody 
610 2 0 |a komunikácia 
610 2 0 |a vyjednávanie 
100 1 |a Belko, Marián